000 01360nam a22005177a 4500
001 8865
003 FISKH
005 20251024144303.0
008 251023b cb ||||| |||| 00| 0 eng d
020 _a078073586424
020 _a078073586585
020 _a078073586738
020 _a078073586585
020 _a078073586608
020 _a078073586479
020 _a078073586561
020 _a078073586677
020 _a078073586523
020 _a078073586813
020 _a078073586455
020 _a078073586639
020 _a078073586738
020 _a078073586776
020 _a078073586615
020 _a078073586516
020 _a078073586646
020 _a078073586653
020 _a078073586660
020 _a078073586707
020 _a078073586554
020 _a078073586844
020 _a078073586493
020 _a078073586578
020 _a078073586486
020 _a078073586752
040 _aFISKH
_beng
_cFISKH
_dFISKH
082 _a797
100 _aFleming, Maria
245 _aSmall book Some people sail boast /
_cby Maria Fleming
260 _aNew York :
_bScholastic,
_c2003.
300 _a8 pages :
_bcolor illustrations ;
_c11 x 14 cm
520 _aDescribes the various ways people like to travel.
650 _aBruce Larkin
_vCheese
_xBuying
942 _2ddc
_cBK
_n0
999 _c8865
_d8865